| 000 | 01342nam a2200241 a 4500 | ||
|---|---|---|---|
| 005 | 20180803165352.0 | ||
| 008 | 140130b2007 ck ||||| |||| 00| 0 spa d | ||
| 020 | _a9789589343043 | ||
| 041 | _aspa | ||
| 044 | _ack | ||
| 082 |
_a333.95 _bG63b |
||
| 090 |
_aIAVH _b01126 |
||
| 100 | 1 |
_aGómez Díaz, José Antonio _93256 |
|
| 245 | 1 | 0 |
_aBiocomercio Sostenible : _bbiodiversidad y desarrollo en Colombia |
| 260 |
_aBogotá _bInstituto Alexander von Humboldt _c2007 |
||
| 300 |
_a220 p. _bfot. (col) _c29 cm. |
||
| 520 | _aEs una de las obras más completas que institucionalmentese ha producido alrededor del tema del uso sostenible de la biodiversidad. Contiene una descripción de Colombia en términos de biodiversiad para posteriormente adentrarse en los diferentes usos que existen en nuestro país. Incluye información sobre el uso de los recursos del bosque, flores, follajes, artesanías, ecosturismo, el uso de la guadua, mariposas, ranas, e insectos, algunas plantas medicinales, así como peces ornamentales, chigüiros, cocodrilos y frutas. Finalmente menciona los retos que sobre el tema existen para posicionar el tema del biocomercio | ||
| 650 |
_aBiocomercio sostenible _992487 |
||
| 650 |
_aBiodiversidad _992204 |
||
| 650 |
_aDesarrollo _925132 |
||
| 700 | 1 |
_aOrtega-Pardo, Sergio Camilo _95982 |
|
| 942 |
_cImpreso _2ddc _08 |
||
| 999 |
_c6409 _d6409 |
||